Macroeconomics / (Record no. 6845)

MARC details
000 -LEADER
fixed length control field 01945cam a2200289 4500
001 - CONTROL NUMBER
control field 7960
005 - DATE AND TIME OF LATEST TRANSACTION
control field 20220421112246.0
008 - FIXED-LENGTH DATA ELEMENTS--GENERAL INFORMATION
fixed length control field 121128s2013 maua 001 0 eng
010 ## - LIBRARY OF CONGRESS CONTROL NUMBER
LC control number 2012372306
020 ## - INTERNATIONAL STANDARD BOOK NUMBER
International Standard Book Number 0133061639 (hbk.)
International Standard Book Number 9780133061635 (hbk.)
082 00 - DEWEY DECIMAL CLASSIFICATION NUMBER
Classification number 339
Edition number 23
100 1# - MAIN ENTRY--PERSONAL NAME
Personal name Blanchard, Olivier
Fuller form of name (Olivier J.)
245 10 - TITLE STATEMENT
Title Macroeconomics /
Statement of responsibility, etc. Olivier Blanchard, International Monetary Fund, Massachusetts Institute of Technology, David R. Johnson, Wilfrid Laurier University.
250 ## - EDITION STATEMENT
Edition statement Sixth Edition.
264 #1 - PRODUCTION, PUBLICATION, DISTRIBUTION, MANUFACTURE, AND COPYRIGHT NOTICE
Place of production, publication, distribution, manufacture Boston :
Name of producer, publisher, distributor, manufacturer Pearson,
Date of production, publication, distribution, manufacture, or copyright notice 2017.
300 ## - PHYSICAL DESCRIPTION
Extent 553 pages :
Other physical details illustrations ;
Dimensions 27 cm
336 ## - CONTENT TYPE
Content type term text
Source rdacontent
337 ## - MEDIA TYPE
Media type term unmediated
Source rdamedia
338 ## - CARRIER TYPE
Carrier type term volume
Source rdacarrier
500 ## - GENERAL NOTE
General note Includes index.
505 ## - FORMATTED CONTENTS NOTE
Formatted contents note THE CORE Introduction1. A Tour of the World 2. A Tour of the Book The Short Run 3. The Goods Market 4. Financial Markets I5. Goods and Financial Markets; The IS-LM Model6. Financial Markets II The Medium Run7. The Labor Market8. The Phillips Curve, the Natural Rate of Unemployment, and Inflation9. Putting All Markets Together: From the Short to the Medium Run The Long Run10. The Facts of Growth11. Saving, Capital Accumulation, and Output12. Technological Progress and Growth13. Technological Progress: The Short, the Medium, and the Long Runs EXTENSIONS Expectations14. Financial Markets and Expectations15. Expectations, Consumption, and Investment16. Expectations, Output, and Policy The Open Economy17. Openness in Goods and Financial Markets18. The Goods Market in an Open Economy19. Output, the Interest Rate, and the Exchange Rate20. Exchange Rate Regimes Back to Policy21. Should Policy Makers Be Restrained?22. Fiscal Policy: A Summing Up23. Monetary Policy: A Summing Up24. Epilogue: The Story of Macroeconomics
650 #0 - SUBJECT ADDED ENTRY--TOPICAL TERM
Topical term or geographic name entry element Macroeconomics.
700 1# - ADDED ENTRY--PERSONAL NAME
Personal name Johnson, David R.,
Dates associated with a name 1956-
942 ## - ADDED ENTRY ELEMENTS (KOHA)
Source of classification or shelving scheme Dewey Decimal Classification
Koha item type Main
Holdings
Withdrawn status Lost status Source of classification or shelving scheme Damaged status Not for loan Collection code Home library Current library Shelving location Date acquired Serial Enumeration / chronology Inventory number Total Checkouts Full call number Barcode Date last seen Date last checked out Price effective from Koha item type Total Renewals
    Dewey Decimal Classification     Fac res RTC Library RTC Library Faculty reserve 02/02/2023 12034 1 339 BLA 30012493 03/02/2023 02/02/2023 27/11/2018 Faculty Reserve  
    Dewey Decimal Classification     Main TEST RTC Library RTC Library Main opac 02/08/2019 14127   9 339 BLA 2017 30013868 09/11/2023 27/06/2023 02/08/2019 Main 8
Royal Thimphu College || All Right Reserved